Réalisateurs français par images de films #1 - Statistiques

Statistiques générales
  • Ce quiz a été pris 20 fois
  • Le résultat moyen est 5 sur 10
Statistiques - réponses
Par images Réponse % Correct
Luc Besson
94%
Michel Hazanavicius
72%
Jean-Pierre Jeunet
67%
Albert Dupontel
61%
Jean-Marie Poiré
50%
Bertrand Blier
44%
Jacques Audiard
44%
François Truffaut
33%
Michael Haneke
22%
Emmanuelle Bercot
6%
Aucun quiz correspondant
Distribution des résultats
% des personnes avec chaque résultat
Percentile par nombre de réponses
Votre historique - résultats
Vous n’avez pas pris ce quiz